00372pab a2200133 454500008004000000100001900040245007200059260000900131300001300140362001100153650002200164650003200186773002000218180718b2017 xxu||||| |||| 00| 0 eng d aMahanta, Bobby aParadigm shift of teacher education programme: a revamping approach c2017 ap.14-18. a31 Jul aTeacher education aInservice teacher education aUniversity News